Desať rokov lisabonskej stratégie

Zhodnotenie desaťročného trvania lisabonskej stratégie. Dosah na rast zamestnanosti, hospodársky cyklus, vonkajšie vplyvy, verejná politika. Hlavným cieľom lisabonskej stratégie bolo zrýchlenie a skvalitnenie reforiem na národnej a európskej úrovni. Lisabonská stratégia a Stratégia EÚ 2020.

Na minha lista:
Detalhes bibliográficos
Autor principal: Ilavská-Pistovčáková, Alena
Outros Autores: Kováčová, Jaroslava
Formato: Capítulo de Livro
Idioma:eslovaco
Assuntos:
Tags: Adicionar Tag
Sem tags, seja o primeiro a adicionar uma tag!

MARC

LEADER 00000nla$a2200000$$$4500
001 0114673
005 20240502072258.9
041 0 |a slo 
044 |a SK 
245 1 0 |a Desať rokov lisabonskej stratégie  |c Alena Ilavská-Pistovčáková, Jaroslava Kováčová 
520 |a Zhodnotenie desaťročného trvania lisabonskej stratégie. Dosah na rast zamestnanosti, hospodársky cyklus, vonkajšie vplyvy, verejná politika. Hlavným cieľom lisabonskej stratégie bolo zrýchlenie a skvalitnenie reforiem na národnej a európskej úrovni. Lisabonská stratégia a Stratégia EÚ 2020. 
610 2 0 |a Európska únia 
610 2 0 |a spolupráca medzinárodná 
610 2 0 |a Európska rada 
610 2 0 |a rozvoj hospodársky 
610 2 0 |a integrácia 
610 2 0 |a rozvoj trvalo udržateľný 
100 1 |a Ilavská-Pistovčáková, Alena 
700 1 |a Kováčová, Jaroslava